000
00224 a2200097 4500
001
6390
100
_a
Sherman, P H
245
_a
Programming and coding Digital Computers
260
_a
_b
Gardner, M F
_c
090
_c
5264
_d
5264
942
_a
NUST-CAE
_c
M
_c
31672
999
_c
241463
_d
241463